Prekážky v práci na strane zamestnanca počas letnej dovolenky

Pre letné obdobie je charakteristické čerpanie dovoleniek vo väčšom rozsahu ako v inom období roka. Nárok zamestnanca na dovolenku patrí medzi základné podmienky zamestnávania, pričom právo určovať nástup na dovolenku má zamestnávateľ. Zamestnávateľ je povinný určiť zamestnancovi čerpanie dovolenky,...

Full description

Saved in:
Bibliographic Details
Main Author: Matlovičová, Iveta
Format: Book Chapter
Language:Slovak
Subjects:
Tags: Add Tag
No Tags, Be the first to tag this record!

MARC

LEADER 00000naa a2200000 4500
001 0304144
005 20240910080715.6
041 0 |a slo 
044 |a SK 
245 1 0 |a Prekážky v práci na strane zamestnanca počas letnej dovolenky  |c Iveta Matlovičová 
520 |a Pre letné obdobie je charakteristické čerpanie dovoleniek vo väčšom rozsahu ako v inom období roka. Nárok zamestnanca na dovolenku patrí medzi základné podmienky zamestnávania, pričom právo určovať nástup na dovolenku má zamestnávateľ. Zamestnávateľ je povinný určiť zamestnancovi čerpanie dovolenky, ak tomu nebránia prekážky na strane zamestnanca. Ako má zamestnávateľ postupovať v prípade, ak počas čerpania dovolenky vznikne zamestnancovi prekážka v práci? 
610 2 0 |a právo pracovné 
610 2 0 |a prekážky v práci 
610 2 0 |a dovolenka 
610 2 0 |a zamestnanci 
610 2 0 |a zamestnávatelia 
610 2 0 |a pomer pracovný 
610 2 0 |a zákonník práce 
100 1 |a Matlovičová, Iveta